| 000 | 00354nam a22001457a 4500 | ||
|---|---|---|---|
| 999 |
_c508590 _d508590 |
||
| 008 | 190402b ||||| |||| 00| 0 eng d | ||
| 100 |
_aSrivastava, Rakesh _94008 |
||
| 245 | _aA hygienic environment for mother and child | ||
| 260 | _c2018 | ||
| 300 | _ap.39-42. | ||
| 650 |
_aChild _94009 |
||
| 773 | _aYojana | ||
| 906 | _aWomen | ||
| 942 |
_2ddc _cAR |
||